Countries by people #4 - Statistics

General Stats
  • This quiz has been taken 37 times
  • The average score is 9 of 16
Answer Stats
Picture Answer % Correct
Germany
100%
Netherlands
90%
Ireland
86%
Brazil
83%
Japan
83%
Spain
79%
Mexico
69%
Norway
69%
Australia
62%
Sweden
59%
Belgium
52%
Cameroon
28%
Gabon
24%
Hungary
24%
Qatar
17%
Singapore
17%
No matching quizzes found
Score Distribution
Percent of People with Each Score
Percentile by Number Answered
Your Score History
You have not taken this quiz